000 01149cam a2200337 a 4500
001 15580500
003 Nust- CAS-E
005 20180118181353.0
008 090109s2009 fluab b 001 0 eng
010 _a 2009000877
015 _aGBA8E1518
_2bnb
016 7 _a014857957
_2Uk
020 _a9781420075687
020 _a1420075683
035 _a(OCoLC)ocn288986077
040 _aDLC
_cDLC
_dBTCTA
_dBAKER
_dYDXCP
_dUKM
_dC#P
_dBWX
_dDLC
050 0 0 _aTJ820
_b.N44 2009
082 0 0 _a621.312136
_223
_bNEL 2009
100 1 _aNelson, Vaughn.
245 1 0 _aWind energy :
_brenewable energy and the environment /
_cVaughn Nelson.
260 _aBoca Raton :
_bCRC Press,
_cc2009.
300 _axix, 304 p. :
_bill., maps ;
_c27 cm.
490 1 _aEnergy and the environment
504 _aIncludes bibliographical references and index.
650 0 _aWind power.
650 0 _aWind power plants.
830 0 _aEnergy and the environment (Boca Raton, Fla.)
906 _a7
_bcbc
_corignew
_d1
_eecip
_f20
_gy-gencatlg
942 _2ddc
_cBK
999 _c355200
_d355200